000 00298nam a2200109Ia 4500
008 200302s9999 xx 000 0 und d
100 _aThomas H. Mckaig
245 _aBuilding Failures Case Studies in Construction and Design
260 _bTata Mcgraw-Hill Co. Inc.
260 _c1962
300 _a261 P.,
999 _c120
_d120